LEADER 00858nam0-22003011i-450- 001 990001088900403321 035 $a000108890 035 $aFED01000108890 035 $a(Aleph)000108890FED01 035 $a000108890 100 $a20000920d1974----km-y0itay50------ba 101 0 $aeng 200 1 $aIntroduction to Particle Production in Hadron Physics$fS. Humble 210 $aLondon [etc.]$cAcademic Press$d1974 610 0 $aParticelle elementari 610 0 $aRaggi cosmici 610 0 $aAcceleratori 676 $a539.72$a539.73 700 1$aHumble,$bStephen$051804 801 0$aIT$bUNINA$gRICA$2UNIMARC 901 $aBK 912 $a990001088900403321 952 $a33-174.001$b16099$fFI1 952 $a33-174$b$fFI1 959 $aFI1 996 $aIntroduction to particle production in hadron physics$9188750 997 $aUNINA DB $aING01 LEADER 00996nam0-22003131i-450 001 990001721330403321 005 20190703095437.0 035 $a000172133 035 $aFED01000172133 035 $a(Aleph)000172133FED01 035 $a000172133 100 $a20030910d1986----km-y0itay50------ba 101 0 $aita 200 1 $a<>lontra in Italia$d= The otter in Italy$ecensimento, distribuzione e problemi di conservazione di una specie minacciata$e= Status, distribution and conservation of an endangered species$fa cura di Fabio Cassola 210 $aRoma$cWWF$d1986 215 $a135 p.$d30 cm 225 1 $aSerie atti e studi$v5 510 1 $a<> otter in Italy$zeng 610 0 $aFauna protetta 610 0 $aLontre 676 $a639.95 702 1$aCassola,$bFabio 801 0$aIT$bUNINA$gRICA$2UNIMARC 901 $aBK 912 $a990001721330403321 952 $a60 639.95 CASF 1986$b474$fFAGBC 959 $aFAGBC 996 $aLontra in Italia$91555499 997 $aUNINA